000 00602nam a22002414a 4500
001 UByD004180
003 AR-LpoUNG
005 20250905094050.0
008 250905s2023 ag 000 1 spa d
020 _a9789508454263
040 _aAR-LpoUNG
_bspa
_cAR-LpoUNG
_eaacr
041 0 _aspa
082 0 _aA863 161til
100 1 _aChulak, Fernando
245 1 0 _aTilde, tilde, cruz
250 _a1ra. ed.
260 _aRosario :
_bBeatriz Viterbo,
_c2023.
300 _a243 p.
490 0 _aIdentidades bonaerenses
650 4 _aLiteratura argentina
655 4 _aNovelas
942 _2ddc
_cLIB
999 _c67171
_d67171